Financial Inclusion of Small and Medium-Sized Enterprises in the Middle East and Central Asia /

The importance of financial inclusion is increasingly recognized by policymakers around the world. Small and medium-sized enterprise (SME) financial inclusion, in particular, is at the core of the economic diversification and growth challenges many countries are facing. In the Middle East and Centra...

Volledige beschrijving

Bibliografische gegevens
Hoofdauteur: Blancher, Nicolas
Andere auteurs: Appendino, Maximiliano, Bibolov, Aidyn, Fouejieu, Armand
Formaat: Tijdschrift
Taal:English
Gepubliceerd in: Washington, D.C. : International Monetary Fund, 2019.
Reeks:Departmental Papers; Departmental Paper ; No. 2019/002
Online toegang:Full text available on IMF
LEADER 01689cas a2200277 a 4500
001 AALejournalIMF018849
008 230101c9999 xx r poo 0 0eng d
020 |c 20.00 USD 
020 |z 9781484383124 
022 |a 2616-5333 
040 |a BD-DhAAL  |c BD-DhAAL 
100 1 |a Blancher, Nicolas. 
245 1 0 |a Financial Inclusion of Small and Medium-Sized Enterprises in the Middle East and Central Asia /  |c Nicolas Blancher, Maximiliano Appendino, Aidyn Bibolov, Armand Fouejieu. 
264 1 |a Washington, D.C. :  |b International Monetary Fund,  |c 2019. 
300 |a 1 online resource (73 pages) 
490 1 |a Departmental Papers 
500 |a <strong>Off-Campus Access:</strong> No User ID or Password Required 
500 |a <strong>On-Campus Access:</strong> No User ID or Password Required 
506 |a Electronic access restricted to authorized BRAC University faculty, staff and students 
520 3 |a The importance of financial inclusion is increasingly recognized by policymakers around the world. Small and medium-sized enterprise (SME) financial inclusion, in particular, is at the core of the economic diversification and growth challenges many countries are facing. In the Middle East and Central Asia (MENAP and CCA) regions, SMEs represent an important share of firms, but the regions lag most others in terms of SME access to financing. 
538 |a Mode of access: Internet 
700 1 |a Appendino, Maximiliano. 
700 1 |a Bibolov, Aidyn. 
700 1 |a Fouejieu, Armand. 
830 0 |a Departmental Papers; Departmental Paper ;  |v No. 2019/002 
856 4 0 |z Full text available on IMF  |u http://elibrary.imf.org/view/journals/087/2019/002/087.2019.issue-002-en.xml  |z IMF e-Library